Most expensive football transfers - Born in 1985 - Statistics

General Stats
  • This quiz has been taken 26 times
  • The average score is 8 of 10
Answer Stats
Fee (M €) Season Nationality Left Joined Player % Correct
117,00 2018-2019 Portugal Real Madrid Juventus Cristiano Ronaldo
100%
94,00 2009-2010 Portugal Manchester United Real Madrid Cristiano Ronaldo
100%
35,00 2012-2013 Croatia Tottenham Real Madrid Luka Modric
96%
40,00 2013-2014 Brazil Shakhtar D. Manchester City Fernandinho
92%
37,00 2004-2005 England Everton Manchester United Wayne Rooney
83%
30,00 2012-2013 Argentina SSC Napoli Paris SG Ezequiel Lavezzi
67%
30,00 2009-2010 Germany VfB Stuttgart Bayern Munich Mario Gómez
67%
30,00 2013-2014 Spain Valencia Tottenham Roberto Soldado
67%
27,00 2009-2010 Brazil Werder Bremen Juventus Diego
58%
28,00 2015-2016 Spain Manchester City Valencia Álvaro Negredo
46%
No matching quizzes found
Score Distribution
Percent of People with Each Score
Percentile by Number Answered
Your Score History
You have not taken this quiz